[Event "Salon de Provence op 7th"]
[Site "Salon de Provence"]
[Date "2016.07.11"]
[Round "4"]
[White "Vavric, Pavel"]
[Black "Nobili, Denis"]
[Result "1-0"]
[WhiteElo "2337"]
[BlackElo "1995"]
[PlyCount "55"]
[EventDate "2016.07.09"]
[EventType "swiss"]
[EventRounds "9"]
[EventCountry "FRA"]
[SourceTitle "EXT 2019"]
[Source "ChessBase"]
[SourceDate "2018.10.10"]
[SourceVersion "1"]
[SourceVersionDate "2018.10.10"]
[SourceQuality "1"]

1. e4 e5 2. Nf3 Nc6 3. Bb5 a6 4. Ba4 Nf6 5. 0-0 Be7 6. Re1 b5 7. Bb3 d6 8. c3 0-0 9. h3 Bb7 10. d4 Re8 11. Ng5 Rf8 12. f4 h6 13. Nf3 exf4 14. Bxf4 Re8 15. Nbd2 Bf8 16. Nh2 Qd7 17. Nhf1 Re7 18. Qf3 Ne8 19. Bc2 g6 20. h4 Bg7 21. h5 Kh7 22. hxg6+ fxg6 23. Qd3 Qg4 24. Bh2 Nf6 25. Re3 Nh5 26. Rf3 Rf8 27. Ne3 Qg5 28. Rxf8 1-0

[Event "FRA-ch op-B"]
[Site "Pau"]
[Date "2012.08.21"]
[Round "7"]
[White "Gerandi, Guillaume"]
[Black "Nobili, Denis"]
[Result "1/2-1/2"]
[WhiteElo "1842"]
[BlackElo "1995"]
[PlyCount "155"]
[EventDate "2012.08.14"]
[EventType "swiss"]
[EventRounds "11"]
[EventCountry "FRA"]
[SourceTitle "EXT 2013"]
[Source "ChessBase"]
[SourceDate "2012.11.22"]
[SourceVersion "1"]
[SourceVersionDate "2012.11.22"]
[SourceQuality "1"]

1. e4 e5 2. Nf3 Nc6 3. d4 exd4 4. Nxd4 Bc5 5. Nxc6 Qf6 6. Qf3 Qxf3 7. gxf3 bxc6 8. Be3 Bxe3 9. fxe3 Rb8 10. b3 Ne7 11. Nc3 0-0 12. Bc4 d6 13. 0-0-0 Be6 14. Bd3 f5 15. exf5 Nxf5 16. Bxf5 Bxf5 17. Rhg1 Bg6 18. Rg3 Rf7 19. Ne2 Re8 20. Kd2 Re5 21. Nf4 Bf5 22. Rdg1 Bc8 23. h4 c5 24. Rg5 Rxg5 25. Rxg5 Bb7 26. Ke2 h6 27. Rg6 Bc8 28. Kd2 Bf5 29. Rg2 Kf8 30. Nd5 Bc8 31. Nf4 Bf5 32. Nd5 c6 33. Nc3 Rf6 34. e4 Rg6 35. Rxg6 Bxg6 36. Ke3 Bf7 37. Ne2 Ke7 38. Kf4 Kf6 39. Ng3 g5+ 40. hxg5+ hxg5+ 41. Ke3 Ke5 42. Ne2 Bg6 43. c4 a5 44. Nc3 Bh7 45. Na4 Bg8 46. Nb2 d5 47. Nd3+ Kd6 48. e5+ Ke6 49. Nxc5+ Kxe5 50. cxd5 cxd5 51. Nd3+ Kd6 52. a3 d4+ 53. Kxd4 Bxb3 54. Nf2 Ke6 55. Ne4 Kf5 56. Ke3 Bd5 57. Nc3 Bc6 58. Ne2 Bb7 59. Nd4+ Ke5 60. Nb3 a4 61. Nd4 Bd5 62. Nb5 Bc6 63. Nc3 Bd7 64. Ne4 Kf5 65. Ng3+ Kf6 66. Ne4+ Kg6 67. Ng3 Bc6 68. Kf2 Kf6 69. Ke3 Ke5 70. Ne2 Kd5 71. Nc3+ Kc4 72. Nxa4 Bxa4 73. f4 g4 74. f5 Kd5 75. Kf4 Bd1 76. a4 Bxa4 77. Kxg4 Ke5 78. f6 1/2-1/2

[Event "FRA-ch op-B"]
[Site "Pau"]
[Date "2012.08.17"]
[Round "4"]
[White "Gering, Adrien"]
[Black "Nobili, Denis"]
[Result "0-1"]
[WhiteElo "1901"]
[BlackElo "1995"]
[PlyCount "44"]
[EventDate "2012.08.14"]
[EventType "swiss"]
[EventRounds "11"]
[EventCountry "FRA"]
[SourceTitle "EXT 2013"]
[Source "ChessBase"]
[SourceDate "2012.11.22"]
[SourceVersion "1"]
[SourceVersionDate "2012.11.22"]
[SourceQuality "1"]

1. d4 d5 2. Nf3 Nf6 3. e3 Bf5 4. c4 c6 5. Qb3 Qc7 6. Nc3 e6 7. Be2 Nbd7 8. Ne5 Nxe5 9. dxe5 Nd7 10. f4 Rd8 11. cxd5 exd5 12. g4 Nc5 13. Qd1 Be4 14. 0-0 a5 15. Nxe4 dxe4 16. Qc2 Nd3 17. Rd1 Qd7 18. Qa4 Qd5 19. Bxd3 exd3 20. Kf2 Be7 21. e4 Qd7 22. Be3 Qxg4 0-1

[Event "FRA-ch op-B"]
[Site "Nimes"]
[Date "2009.08.22"]
[Round "11"]
[White "Domenech, Vianney"]
[Black "Nobili, Denis"]
[Result "1-0"]
[WhiteElo "1984"]
[BlackElo "1944"]
[PlyCount "65"]
[EventDate "2009.08.11"]
[EventType "swiss"]
[EventRounds "11"]
[EventCountry "FRA"]
[SourceTitle "EXT 2011"]
[Source "ChessBase"]
[SourceDate "2010.11.26"]
[SourceVersion "1"]
[SourceVersionDate "2010.11.26"]
[SourceQuality "1"]

1. d4 d5 2. Bf4 Nf6 3. e3 c5 4. c3 Nc6 5. Nd2 Bf5 6. Ngf3 e6 7. Be2 cxd4 8. Nxd4 Nxd4 9. cxd4 Bd6 10. Qa4+ Ke7 11. Be5 Qb6 12. 0-0 Rhc8 13. Rac1 a6 14. Bxd6+ Qxd6 15. b4 Ng4 16. Bxg4 Bxg4 17. Rc5 b5 18. Qc2 Rxc5 19. bxc5 Qc6 20. Qxh7 Be2 21. Re1 Bc4 22. Qc2 Rh8 23. h3 f5 24. Nf3 Kf6 25. Qd2 Qc7 26. e4 dxe4 27. Qg5+ Kf7 28. Ne5+ Kg8 29. c6 Bxa2 30. Ra1 Bd5 31. Rxa6 Qc8 32. Ra7 Rh7 33. Rd7 1-0

[Event "Montpellier op"]
[Site "Montpellier"]
[Date "2007.12.27"]
[Round "4"]
[White "Petrov, Vladimir Olegov"]
[Black "Nobili, Denis"]
[Result "1-0"]
[WhiteElo "1699"]
[BlackElo "1979"]
[PlyCount "79"]
[EventDate "2007.12.26"]
[EventType "swiss"]
[EventRounds "7"]
[EventCountry "FRA"]
[SourceTitle "CBM 122 Extra"]
[Source "ChessBase"]
[SourceDate "2008.03.04"]
[SourceVersion "1"]
[SourceVersionDate "2008.03.04"]
[SourceQuality "1"]

1. e4 e5 2. Nf3 Nc6 3. Bb5 a6 4. Ba4 Nf6 5. 0-0 Be7 6. Re1 b5 7. Bb3 d6 8. h3 Na5 9. c3 Nxb3 10. axb3 Bb7 11. d3 0-0 12. Nbd2 c5 13. Nf1 Re8 14. Bg5 h6 15. Bh4 Qc7 16. Ne3 g6 17. c4 b4 18. Nd2 Nh5 19. Bxe7 Qxe7 20. Nf5 Qf8 21. g3 Bc8 22. Kh2 Nf6 23. Ne3 Qe7 24. Nd5 Nxd5 25. exd5 Qd7 26. g4 f5 27. f3 Kh7 28. Qe2 Qg7 29. Rg1 Qf6 30. Rae1 Bd7 31. Nf1 a5 32. Ng3 a4 33. bxa4 Rxa4 34. gxf5 Bxf5 35. Ne4 Qh4 36. Rg3 Ra6 37. Reg1 Rf8 38. Qg2 Kg7 39. Rxg6+ Kf7 40. Rf6+ 1-0

[Event "Nice op 20th"]
[Site "Nice"]
[Date "2004.12.??"]
[Round "5"]
[White "Perez, Flavio"]
[Black "Nobili, Denis"]
[Result "1-0"]
[WhiteElo "2230"]
[BlackElo "2009"]
[PlyCount "49"]
[EventDate "2004.12.26"]
[EventType "swiss"]
[EventRounds "7"]
[EventCountry "FRA"]
[SourceTitle "CBM 104 Extra"]
[Source "ChessBase"]
[SourceDate "2005.03.01"]
[SourceVersion "1"]
[SourceVersionDate "2005.03.01"]
[SourceQuality "1"]

1. e4 e5 2. Nf3 Nc6 3. Bc4 Bc5 4. c3 Nf6 5. d3 d6 6. Nbd2 0-0 7. 0-0 Bb6 8. Re1 Ne7 9. Nf1 c6 10. Bb3 Ng6 11. Ng3 Ng4 12. d4 Nh4 13. h3 Nxf2 14. Kxf2 Nxf3 15. gxf3 Bxh3 16. Rh1 Be6 17. Be3 Qe7 18. Qg1 d5 19. Qh2 h6 20. Rag1 exd4 21. cxd4 dxe4 22. Qxh6 f6 23. Qh7+ Kf7 24. Qxg7+ Kxg7 25. Nf5+ 1-0

[Event "FRA-chT3"]
[Site "France"]
[Date "2001.??.??"]
[Round "9"]
[White "Mory, Eric"]
[Black "Nobili, Denis"]
[Result "1/2-1/2"]
[WhiteElo "2175"]
[BlackElo "2015"]
[PlyCount "75"]
[EventDate "2001.??.??"]
[EventType "team-tourn"]
[EventRounds "9"]
[EventCountry "FRA"]
[SourceTitle "EXT 2003"]
[Source "ChessBase"]
[SourceDate "2002.11.25"]
[SourceVersion "1"]
[SourceVersionDate "2002.11.25"]
[SourceQuality "1"]

1. Nf3 Nf6 2. g3 g6 3. Bg2 Bg7 4. d3 d6 5. 0-0 0-0 6. e4 e5 7. c3 c5 8. Re1 Nc6 9. Na3 Rb8 10. d4 b5 11. dxc5 dxc5 12. Be3 Qe7 13. Qc2 a6 14. Rad1 Bb7 15. Nh4 Rfd8 16. f3 Rxd1 17. Rxd1 Rd8 18. Bh3 Bf8 19. Ng2 Rxd1+ 20. Qxd1 Qd6 21. Qe2 Nd7 22. Ne1 c4 23. Bxd7 Qxd7 24. Nac2 Nd8 25. b3 cxb3 26. axb3 a5 27. b4 axb4 28. cxb4 Ne6 29. Nd3 Qc7 30. Na3 Ba6 31. Qb2 Bd6 32. Kg2 Kf8 33. Nb1 Qc4 34. Qa3 Bc8 35. Nd2 Qc2 36. Qb3 Qxb3 37. Nxb3 Ke8 38. Kf2 1/2-1/2

[Event "Cannes op"]
[Site "Cannes"]
[Date "2000.02.26"]
[Round "7"]
[White "Nobili, Denis"]
[Black "Marino, Olivier"]
[Result "0-1"]
[WhiteElo "2048"]
[BlackElo "2101"]
[PlyCount "98"]
[EventDate "2000.02.20"]
[EventType "swiss"]
[EventRounds "9"]
[EventCountry "FRA"]
[SourceTitle "EXT 2001"]
[Source "ChessBase"]
[SourceDate "2000.11.22"]
[SourceVersion "1"]
[SourceVersionDate "2000.11.22"]
[SourceQuality "1"]

1. d4 Nf6 2. c4 g6 3. Nc3 Bg7 4. e4 d6 5. Be2 0-0 6. Nf3 e5 7. 0-0 Nc6 8. d5 Ne7 9. b4 Nh5 10. c5 Nf4 11. Nd2 Nxe2+ 12. Qxe2 f5 13. f3 f4 14. Nc4 Rf6 15. a4 h5 16. cxd6 cxd6 17. Bd2 Bd7 18. Be1 g5 19. Bf2 Rg6 20. Nb5 Nc8 21. Na5 g4 22. Kh1 g3 23. Nxb7 Qg5 24. Bg1 h4 25. Ra2 h3 26. Rc1 hxg2+ 27. Qxg2 Qh5 28. Bc5 dxc5 29. bxc5 gxh2 30. Qxg6 Qxg6 31. c6 Bg4 32. fxg4 Qxe4+ 33. Rg2 f3 34. Rf2 Qf4 35. Rcf1 e4 36. d6 Nxd6 37. N7xd6 a6 38. c7 axb5 39. c8Q+ Rxc8 40. Nxc8 Qc7 41. Re1 Bd4 42. Ne7+ Qxe7 43. Rxf3 Qb4 44. Rff1 bxa4 45. Rxe4 a3 46. Re2 Qc4 47. Re8+ Kg7 48. Ref8 Be5 49. R8f5 Qd5+ 0-1

[Event "Cannes op"]
[Site "Cannes"]
[Date "2000.02.25"]
[Round "6"]
[White "Horber, Jean Marc"]
[Black "Nobili, Denis"]
[Result "1/2-1/2"]
[WhiteElo "2105"]
[BlackElo "2048"]
[PlyCount "41"]
[EventDate "2000.02.20"]
[EventType "swiss"]
[EventRounds "9"]
[EventCountry "FRA"]
[SourceTitle "EXT 2001"]
[Source "ChessBase"]
[SourceDate "2000.11.22"]
[SourceVersion "1"]
[SourceVersionDate "2000.11.22"]
[SourceQuality "1"]

1. d4 d5 2. c4 c6 3. Nf3 Nf6 4. Nc3 dxc4 5. a4 Bf5 6. e3 e6 7. Bxc4 Bb4 8. 0-0 Nbd7 9. Qe2 Bg6 10. Rd1 0-0 11. Bd2 Qe7 12. Bd3 Bxd3 13. Qxd3 Rad8 14. Ne4 Bxd2 15. Nxf6+ Nxf6 16. Rxd2 a5 17. Qc2 Nd5 18. Rc1 Nb4 19. Qc5 Qxc5 20. Rxc5 Rd5 21. Rc1 1/2-1/2

[Event "Cannes op"]
[Site "Cannes"]
[Date "2000.02.21"]
[Round "2"]
[White "Laruelle, Joel"]
[Black "Nobili, Denis"]
[Result "1/2-1/2"]
[WhiteElo "2116"]
[BlackElo "2048"]
[PlyCount "74"]
[EventDate "2000.02.20"]
[EventType "swiss"]
[EventRounds "9"]
[EventCountry "FRA"]
[SourceTitle "EXT 2001"]
[Source "ChessBase"]
[SourceDate "2000.11.22"]
[SourceVersion "1"]
[SourceVersionDate "2000.11.22"]
[SourceQuality "1"]

1. c4 c6 2. e4 d5 3. exd5 cxd5 4. cxd5 Nf6 5. Nc3 Nxd5 6. Bb5+ Bd7 7. Qb3 Nb6 8. Nf3 Nc6 9. d4 e6 10. 0-0 Be7 11. d5 exd5 12. Be3 Be6 13. Bxb6 axb6 14. Nd4 Qd6 15. Bxc6+ bxc6 16. Qxb6 Bd7 17. Qb3 Rb8 18. Qc2 g6 19. Rad1 0-0 20. a3 Bf6 21. b4 c5 22. Nde2 Bf5 23. Qc1 d4 24. Ng3 cxb4 25. Nxf5 gxf5 26. axb4 Rfc8 27. Qa3 Be5 28. Ne2 Bxh2+ 29. Kh1 Be5 30. f4 Bg7 31. Qd3 Rxb4 32. Qxf5 Rc5 33. Qg4 d3 34. Ng3 Qh6+ 35. Kg1 Qb6 36. Kh2 Qh6+ 37. Kg1 Qb6 1/2-1/2

[Event "Saint Affrique op 07th"]
[Site "Saint Affrique"]
[Date "1999.??.??"]
[Round "2"]
[White "Nobili, Denis"]
[Black "Foisor, Cristina Adela B"]
[Result "1-0"]
[WhiteElo "2020"]
[BlackElo "2370"]
[PlyCount "73"]
[EventDate "1999.07.??"]
[EventType "swiss"]
[EventRounds "9"]
[EventCountry "FRA"]
[SourceTitle "EXT 2001"]
[Source "ChessBase"]
[SourceDate "2000.11.22"]
[SourceVersion "1"]
[SourceVersionDate "2000.11.22"]
[SourceQuality "1"]

1. d4 Nf6 2. c4 e6 3. Nc3 Bb4 4. Qc2 c5 5. dxc5 Nc6 6. Nf3 Bxc5 7. Bg5 h6 8. Bh4 a6 9. e3 Bb4 10. Be2 Qa5 11. Nd2 g5 12. Bg3 d5 13. 0-0 Be7 14. a3 h5 15. b4 Qd8 16. h4 gxh4 17. Bxh4 d4 18. Rad1 Bd7 19. exd4 Nxd4 20. Qb2 Rg8 21. Rfe1 Nxe2+ 22. Rxe2 Rg4 23. Bxf6 Bxf6 24. Nde4 Bg7 25. f3 Rxe4 26. Rxe4 Qf6 27. Qd2 Bc6 28. Nd5 Qd8 29. Qf4 Bxd5 30. Rxd5 Qb6+ 31. c5 Qb5 32. Rd6 Bf8 33. Rb6 Qd7 34. Rd4 Qe7 35. Qh4 Qc7 36. Qxh5 a5 37. Rxe6+ 1-0

[Event "Cannes"]
[Site "Cannes"]
[Date "1999.??.??"]
[Round "1"]
[White "Nobili, Denis"]
[Black "Gervasio, Ricardo"]
[Result "0-1"]
[WhiteElo "2020"]
[BlackElo "2369"]
[PlyCount "52"]
[EventDate "1999.02.??"]
[EventType "k.o."]
[EventRounds "7"]
[EventCountry "FRA"]
[SourceTitle "EXT 2000"]
[Source "ChessBase"]
[SourceDate "1999.11.16"]
[SourceVersion "1"]
[SourceVersionDate "1999.11.16"]
[SourceQuality "1"]

1. d4 d5 2. c4 Bf5 3. Nc3 e6 4. Nf3 Nf6 5. cxd5 exd5 6. Qb3 Nc6 7. Bg5 Bb4 8. e3 0-0 9. Bb5 Qd6 10. 0-0 Na5 11. Qa4 a6 12. Be2 b5 13. Qd1 Bxc3 14. bxc3 Ne4 15. Bf4 Qe7 16. Qc1 Rfc8 17. Ne5 c5 18. f3 Nd6 19. Qa3 Nac4 20. Bxc4 bxc4 21. Rae1 Nb5 22. Qa5 f6 23. Ng4 Bd3 24. Rf2 h5 25. a4 Na7 26. Qb6 Rc6 0-1

[Event "Provence-ch Majeur op 9697"]
[Site "France"]
[Date "1997.??.??"]
[Round "7"]
[White "Thiers, Jean Jacques"]
[Black "Nobili, Denis"]
[Result "1-0"]
[WhiteElo "1710"]
[BlackElo "1820"]
[PlyCount "89"]
[EventDate "1996.??.??"]
[EventType "swiss"]
[EventRounds "7"]
[EventCountry "FRA"]
[SourceTitle "EXT 2005"]
[Source "ChessBase"]
[SourceDate "2004.11.15"]
[SourceVersion "1"]
[SourceVersionDate "2004.11.15"]
[SourceQuality "1"]

1. d4 d5 2. c4 c6 3. Nc3 Nf6 4. Bg5 e6 5. e3 Nbd7 6. Nf3 Be7 7. Qc2 0-0 8. Bd3 h6 9. Bf4 c5 10. Nb5 Ne8 11. 0-0 a6 12. Na3 cxd4 13. cxd5 dxe3 14. Bxe3 exd5 15. Rfd1 Ndf6 16. Rd2 Bb4 17. Re2 Bg4 18. Qb3 a5 19. Nc2 Qd6 20. Nxb4 Qxb4 21. Qxb4 axb4 22. Bc5 b3 23. a3 Rc8 24. Bxf8 Kxf8 25. Ree1 Bxf3 26. gxf3 Nd6 27. Rac1 Nc4 28. Bxc4 dxc4 29. Re5 Ne8 30. Kf1 f6 31. Rd5 Nc7 32. Rc5 b5 33. Re1 Kf7 34. Re3 g6 35. h4 f5 36. Kg2 h5 37. f4 Kf6 38. Kf3 Kf7 39. Ree5 Kf6 40. Rc6+ Kf7 41. Rec5 Ke7 42. Rxc7+ Rxc7 43. Rxc7+ Kd6 44. Rc8 Kd7 45. Rc5 1-0